| 000 | 01909cam a2200433 a 4500 | ||
|---|---|---|---|
| 999 |
_c529699 _d529699 |
||
| 001 | 1656419 | ||
| 003 | NUST | ||
| 005 | 20191001155543.0 | ||
| 008 | 980409s1998 dcua b 000 0 eng d | ||
| 010 | _a 97069824 | ||
| 020 |
_a0309061067 : _c$20.00 |
||
| 035 | _a(OCoLC)39085037 | ||
| 038 | _aMSOHAIL | ||
| 040 |
_aCU-IT _cCU-IT _dODaU _dNmU _dDLC |
||
| 042 | _alccopycat | ||
| 043 | _an-us--- | ||
| 050 | 0 | 0 |
_aTF263 _b.R53 1998 |
| 082 | 0 | 0 |
_a625.8 _221 |
| 100 | 1 |
_aRichards, Hoy A. _922232 |
|
| 245 | 1 | 0 |
_aHighway-rail grade crossing surfaces / _cHoy A. Richards. |
| 246 | 3 | _aHighway rail grade crossing surfaces | |
| 260 |
_aWashington, D.C. : _bNational Academy Press, _c1998. |
||
| 300 |
_a56 p. : _bill. ; _c28 cm. |
||
| 440 | 0 |
_aSynthesis of highway practice, _x0547-5570 ; _v250 _922233 |
|
| 500 | _aAt head of title: National Cooperative Highway Research Program | ||
| 500 | _a"Transportation Research Board, National Research Council." | ||
| 500 | _a"Research sponsored by the American Association of State Highway and Transportation Officials in cooperation with the Federal Highway Administration." | ||
| 504 | _aIncludes bibliographical references (p. 36). | ||
| 650 | 0 |
_aHighway-railroad grade crossings _zUnited States _xDesign and construction. _922234 |
|
| 650 | 0 |
_aRoad materials _zUnited States. _922027 |
|
| 650 | 0 |
_aPavements _xDesign and construction. _9916 |
|
| 710 | 2 |
_aNational Cooperative Highway Research Program. _920864 |
|
| 710 | 2 |
_aNational Research Council (U.S.). _bTransportation Research Board. _922235 |
|
| 710 | 2 |
_aAmerican Association of State Highway and Transportation Officials. _919553 |
|
| 710 | 1 |
_aUnited States. _bFederal Highway Administration. _920149 |
|
| 906 |
_a7 _bcbc _ccopycat _d2 _eopcn _f19 _gy-gencatlg |
||
| 942 |
_2ddc _cBK |
||